<?xml version="1.0" encoding="UTF-8"?><?xml-stylesheet type="text/xsl" href="static/style.xsl"?><OAI-PMH xmlns="http://www.openarchives.org/OAI/2.0/" xmlns:xsi="http://www.w3.org/2001/XMLSchema-instance" xsi:schemaLocation="http://www.openarchives.org/OAI/2.0/ http://www.openarchives.org/OAI/2.0/OAI-PMH.xsd"><responseDate>2026-06-07T04:18:34Z</responseDate><request verb="GetRecord" identifier="oai:docta.ucm.es:20.500.14352/103094" metadataPrefix="marc">https://docta.ucm.es/rest/oai/request</request><GetRecord><record><header><identifier>oai:docta.ucm.es:20.500.14352/103094</identifier><datestamp>2025-03-18T14:55:12Z</datestamp><setSpec>com_20.500.14352_14</setSpec><setSpec>col_20.500.14352_15</setSpec></header><metadata><record xmlns="http://www.loc.gov/MARC21/slim" xmlns:dcterms="http://purl.org/dc/terms/" xmlns:xsi="http://www.w3.org/2001/XMLSchema-instance" xmlns:doc="http://www.lyncode.com/xoai" xsi:schemaLocation="http://www.loc.gov/MARC21/slim http://www.loc.gov/standards/marcxml/schema/MARC21slim.xsd">
   <leader>00925njm 22002777a 4500</leader>
   <datafield ind2=" " ind1=" " tag="042">
      <subfield code="a">dc</subfield>
   </datafield>
   <datafield ind2=" " ind1=" " tag="720">
      <subfield code="a">Pattier Bocos, Daniel</subfield>
      <subfield code="e">author</subfield>
   </datafield>
   <datafield ind2=" " ind1=" " tag="260">
      <subfield code="c">2021-12-19</subfield>
   </datafield>
   <datafield ind2=" " ind1=" " tag="520">
      <subfield code="a">YouTube is one of the most used communication technology platforms in education today. The objective of our research is to study the quantitative impact and the most important variables of the educational channels of the Art and Culture area. Thanks to the analysis of the 39 most successful YouTube Spain educational channels framed in this area of knowledge, we obtain significant results on the following dimensions: channel statistics, video statistics, features of the videos, channel options and other social networks. We conclude that there is currently a high quantitative impact of these channels on informal education, but a negative future projection is evident. Finally, the success factors of the channels and the most important characteristics of the edutubers of the Art and Culture area are highlighted. Our research provides valuable data for researchers and professionals in communication, education, and the areas of Art and Culture.</subfield>
   </datafield>
   <datafield ind1="8" ind2=" " tag="024">
      <subfield code="a">Pattier, D. (2021). Educating in art and culture  through yotube: The impact of edetubers. Komunikacija i kultura online, 12(12), 167-181. https://doi.org/10.18485/KKONLINE.2021.12.12.10</subfield>
   </datafield>
   <datafield ind1="8" ind2=" " tag="024">
      <subfield code="a">10.18485/kkonline.2021.12.12.10</subfield>
   </datafield>
   <datafield ind1="8" ind2=" " tag="024">
      <subfield code="a">https://hdl.handle.net/20.500.14352/103094</subfield>
   </datafield>
   <datafield ind1="8" ind2=" " tag="024">
      <subfield code="a">2217-4257</subfield>
   </datafield>
   <datafield ind1="8" ind2=" " tag="024">
      <subfield code="a">https://komunikacijaikultura.org/index.php/kk/article/view/2021.12.12.10</subfield>
   </datafield>
   <datafield ind1="8" ind2=" " tag="024">
      <subfield code="a">https://produccioncientifica.ucm.es/documentos/62a4ff9dfc16bd0a02fbfcbe</subfield>
   </datafield>
   <datafield ind1="8" ind2=" " tag="024">
      <subfield code="a">https://www.scopus.com/record/display.uri?eid=2-s2.0-85122760108&amp;origin=resultslist</subfield>
   </datafield>
   <datafield ind2="0" ind1="0" tag="245">
      <subfield code="a">Educating in art and culture through YouTube: the impact of edutubers</subfield>
   </datafield>
</record></metadata></record></GetRecord></OAI-PMH>